| 000 | 00475nam a22001457a 4500 | ||
|---|---|---|---|
| 020 | _a080312712X | ||
| 082 |
_a624.0287 _bAME _cN, P-21 |
||
| 100 |
_aASTM _925089 |
||
| 245 |
_a1999 Annual book of ASTM standards volume-14.02 : general methods & instrumentation _bTemperature Measurement _cASTM |
||
| 260 |
_aWest Conshohocken; _bASTM, _c1999. |
||
| 300 |
_axvii, 1000 p. _bill. _c28 cm. |
||
| 526 |
_a0 _b0 _c0 _d624_028700000000000_AME |
||
| 650 |
_aNUST _96342 |
||
| 942 |
_2ddc _cBK |
||
| 999 |
_c550565 _d550565 |
||